00449nam a22001577a 450000500170000001000150001702000260003203500140005803700150007208200120008710000170009924500590011626000360017527000540021130000260026520180524140837.0 aENG-123095 a9789386338907c599.00 aEN-106627 bDBAD/PUB.  a883.092 aBond, Ruskin aLone fox dancing :cby Ruskin Bondbmy autobiography / aNew DelhibSpeaking Tigerc2017 a4381/4, Ansari Road, DaryaganjbNew Delhie110002 a277p.b21cm(Hb)cill.